000 00828cam a2200205 4500
001 WB3631-23
008 000000n2000 000 0 eng u
035 _a(Sirsi) u107715
245 _aAdjudicators' right to be wrong upheld
260 _c2000
490 _aBuilding
_v265(8148) 4 August 2000, 11(1)
520 _aLandmark CA ruling "Bouygues v Dahl-Jensen" confirms that an adjudicator's decision will be enforced even if an error has been made.
590 _aWB
650 _aBOUYGUES UK LTD V DAHL-JENSEN UK LTD
650 _aMANAGEMENT-DISPUTE AVOIDANCE, MANAGEMENT AND RESOLUTION-DISPUTE MANAGEMENT AND RESOLUTION-ALTERNATIVE DISPUTE RESOLUTION-ADJUDICATION
650 _aERRORS OF LAW
650 _aHOUSING GRANTS, CONSTRUCTION AND REGENERATION ACT 1996
690 _aDispute resolution
_96236
942 _n0
999 _c64341
_d64341